banner-ar

صلاح الدين والصليبيون : تاريخ الدولة الايوبية / (Record no. 39378)

MARC details
000 -الفاتح
حقل البيانات ثابتة الطول 00692nam a2200205Ia 4500
008 - عناصر البيانات ثابتة الطول - معلومات عامة
حقل البيانات ثابتة الطول 140319s9999 xx 000 0 ara d
040 ## - مصدر الفهرسة
وكالة الفهرسة الأصلية GCL /
وكالة النسخ GCL
082 04 - رقم تصنيف ديوى العشرى
رقم التصنيف ق
رقم المادة 953.07393
-- ا م
100 1# - المدخل الرئيسى - إسم شخصى
الإسم الشخصى احمد الشامى
245 10 - بيان العنوان
العنوان صلاح الدين والصليبيون : تاريخ الدولة الايوبية /
بيان المسئوليه,etc احمد الشامى
300 ## - الوصف المادى
التعداد 275 ص
490 ## - بيان السلسلة
عنوان السلسلة سلسلة فى تاريخ العرب والاسلام
رقم المجلد/ التعيين التسلسلي 0
650 04 - المدخل الاضافى بالموضوع-مصطلح موضوعى
مصطلح موضوعي تاريخ
650 04 - المدخل الاضافى بالموضوع-مصطلح موضوعى
مصطلح موضوعي الحروب الصليبية
650 04 - المدخل الاضافى بالموضوع-مصطلح موضوعى
مصطلح موضوعي الصليبيون
650 04 - المدخل الاضافى بالموضوع-مصطلح موضوعى
مصطلح موضوعي الدولة الايوبية
650 04 - المدخل الاضافى بالموضوع-مصطلح موضوعى
مصطلح موضوعي الصليبية فى فلسطين والشام
942 ## - عناصر المدخل الإضافي( كوها)
مصدر التصنيف او مخطط الترفيف Dewey Decimal Classification
Koha [default] item type كتاب
Holdings
حالة التراجع حالة الفقد حالة تلف ليس للاعارة المكان المؤقت الموقع الحالى تاريخ الاكتساب اجمالي اﻻعارات رقم الطلب الباركود تاريخ اخر مشاهدة تاريخ تفعيل السعر نوع وعاء كوها
        مكتبة القاهرة الكبرى مكتبة القاهرة الكبرى 03/26/2014   ق\953.07393\ا م 96365 03/26/2014 03/26/2014 كتاب

Powered By

EGPV